00624nam a2200217 a 4500001001300000003000900013005001700022008004100039020001000080082001700090100002900107245003200136260003300168300000900201500003500210650001100245902000800256942000700264952011800271999001700389nice12345678IN_TiNIC20260116013343.0070828s1998 dela grp 000 0 eng  ac15000a297.124bBAR aBari, Abdul Fattah Jamil aGolden Tales of the Prophet aDelhibAdam Publishersc1998 a262p aincludes index and biblioraphy aHadith bSRC cBK 001040708StackRoom-aHMIbHMId2014-02-11g150.00l0o297.124 BARp019467r2014-02-11v150.00w2007-08-28yBK c10678d10678